[Event "Commonwealth & South African-ch"]
[Site "Johannesburg"]
[Date "2011.06.30"]
[Round "8.2"]
[White "Mthunzi, Clive"]
[Black "Sriram, S."]
[Result "1-0"]
[WhiteElo "1616"]
[BlackElo "1697"]
[PlyCount "103"]
[EventDate "2011.06.25"]
[EventType "swiss"]
[EventRounds "11"]
[EventCountry "RSA"]
[SourceTitle "EXT 2024"]
[Source "ChessBase"]
[SourceDate "2023.10.10"]
[SourceVersion "1"]
[SourceVersionDate "2023.10.10"]
[SourceQuality "1"]

1. e4 c5 2. Nf3 d6 3. d4 cxd4 4. Nxd4 Nf6 5. Nc3 a6 6. Bc4 e6 7. a3 b5 8. Ba2 Bb7 9. f3 Be7 10. Be3 Nc6 11. 0-0 0-0 12. Nce2 d5 13. Nxc6 Bxc6 14. Nd4 Bb7 15. e5 Nd7 16. f4 Bc5 17. Kh1 Qe7 18. Qg4 Rae8 19. Rf3 f5 20. Qh5 Bxd4 21. Bxd4 Qf7 22. Qg5 Rc8 23. c3 Rfe8 24. b4 Rc6 25. Bb1 Rec8 26. Rh3 Nb6 27. g4 g6 28. gxf5 exf5 29. Bc2 Nd7 30. Rg1 Rf8 31. Rh5 Re8 32. Bxf5 Nf8 33. Bh3 Ne6 34. Bxe6 Qxe6 35. f5 Qf7 36. h3 Bc8 37. e6 Bxe6 38. fxe6 Qf3+ 39. Kh2 Rcxe6 40. Qxd5 Qf7 41. Rf5 Re2+ 42. Kh1 Qxd5+ 43. Rxd5 R8e7 44. Rf1 Re8 45. Rd7 R2e7 46. Rd6 Ra8 47. Rff6 a5 48. bxa5 Rxa5 49. Rd8+ Kg7 50. Ra6+ Kf7 51. Rxa5 Rb7 52. Ra7 1-0

[Event "Commonwealth & South African-ch"]
[Site "Johannesburg"]
[Date "2011.06.29"]
[Round "7.3"]
[White "Sriram, S."]
[Black "Darling, Tiffany Charne"]
[Result "1-0"]
[WhiteElo "1697"]
[BlackElo "1594"]
[PlyCount "139"]
[EventDate "2011.06.25"]
[EventType "swiss"]
[EventRounds "11"]
[EventCountry "RSA"]
[SourceTitle "EXT 2024"]
[Source "ChessBase"]
[SourceDate "2023.10.10"]
[SourceVersion "1"]
[SourceVersionDate "2023.10.10"]
[SourceQuality "1"]

1. d4 Nf6 2. c4 e6 3. Nf3 b6 4. g3 Bb7 5. Bg2 Bb4+ 6. Bd2 Be7 7. 0-0 0-0 8. Nc3 d6 9. Qc2 Nbd7 10. e4 e5 11. d5 Nc5 12. b4 Ncd7 13. Rfe1 Ba6 14. Qb3 Bb7 15. a3 a6 16. Nh4 Ng4 17. Nf5 Bg5 18. Qd1 Bxd2 19. Qxd2 Qf6 20. Bh3 g6 21. Nh4 Nxh2 22. Kxh2 Bc8 23. Qe3 Nb8 24. Bxc8 Rxc8 25. Kg2 Nd7 26. Qh6 Kh8 27. Nf3 Qg7 28. Rh1 Nf6 29. Ng5 Rf8 30. Rh4 Qxh6 31. Rxh6 Kg7 32. Rhh1 h5 33. Nf3 Ng4 34. Nh2 Nf6 35. f3 Rh8 36. Nf1 Rh7 37. Ne3 Rah8 38. a4 Rb8 39. Rhb1 Rbh8 40. Rh1 Rb8 41. Nc2 g5 42. Ne3 Kg6 43. Nf5 Rbh8 44. Nd1 h4 45. Nf2 Nd7 46. g4 f6 47. Nh3 Rb8 48. Rhb1 Kf7 49. Ne3 Rhh8 50. Nf2 Nf8 51. Kh3 Ng6 52. Nd3 Rb7 53. a5 b5 54. cxb5 Rxb5 55. Rc1 Rc8 56. Ng2 Ke7 57. Rc6 Ra8 58. Rxc7+ Ke8 59. Rac1 Ne7 60. Ne3 Kd8 61. Nf5 Nxf5 62. gxf5 Rbb8 63. R1c6 Rb5 64. Rg7 Rbb8 65. Rxd6+ Ke8 66. Rxf6 Rc8 67. Nc5 Rab8 68. Rff7 Ra8 69. Re7+ Kf8 70. Nd7# 1-0

[Event "Commonwealth & South African-ch"]
[Site "Johannesburg"]
[Date "2011.06.27"]
[Round "4.3"]
[White "De la Rey, Jean Pierre"]
[Black "Sriram, S."]
[Result "0-1"]
[WhiteElo "1461"]
[BlackElo "1697"]
[PlyCount "36"]
[EventDate "2011.06.25"]
[EventType "swiss"]
[EventRounds "11"]
[EventCountry "RSA"]
[SourceTitle "EXT 2024"]
[Source "ChessBase"]
[SourceDate "2023.10.10"]
[SourceVersion "1"]
[SourceVersionDate "2023.10.10"]
[SourceQuality "1"]

1. e4 c5 2. Nc3 d6 3. f4 Nc6 4. Nf3 e6 5. Bc4 Nge7 6. d3 g6 7. 0-0 Bg7 8. Qe1 0-0 9. f5 gxf5 10. Qh4 Ng6 11. Qh5 fxe4 12. dxe4 Nd4 13. Bh6 Qf6 14. Ng5 Qe5 15. Rac1 Bxh6 16. Qxh6 Qg7 17. Qh5 f6 18. Nf3 Nf4 0-1

[Event "Commonwealth & South African-ch"]
[Site "Johannesburg"]
[Date "2011.06.27"]
[Round "5.2"]
[White "Sriram, S."]
[Black "Spirou, Victor"]
[Result "1/2-1/2"]
[WhiteElo "1697"]
[BlackElo "1496"]
[PlyCount "129"]
[EventDate "2011.06.25"]
[EventType "swiss"]
[EventRounds "11"]
[EventCountry "RSA"]
[SourceTitle "EXT 2024"]
[Source "ChessBase"]
[SourceDate "2023.10.10"]
[SourceVersion "1"]
[SourceVersionDate "2023.10.10"]
[SourceQuality "1"]

1. d4 Nf6 2. c4 e5 3. d5 Bc5 4. Nc3 d6 5. h3 0-0 6. e4 Nbd7 7. Nf3 h6 8. Bd3 Re8 9. 0-0 Nf8 10. a3 a5 11. Bd2 Bd7 12. Ne2 Ng6 13. b4 axb4 14. axb4 Rxa1 15. Qxa1 Bb6 16. Qc3 Qe7 17. Rc1 c6 18. c5 Bc7 19. dxc6 Bxc6 20. Ng3 dxc5 21. bxc5 Rd8 22. Be3 Qd7 23. Bc2 Qe7 24. Qc4 Ra8 25. Nf5 Qe8 26. Rb1 Ne7 27. Nd6 Bxd6 28. cxd6 Nc8 29. Qb4 Qe6 30. Rd1 Nd7 31. Nh4 Kf8 32. Nf5 Qe8 33. Qc3 Qd8 34. Qb4 Qa5 35. Qb3 Qb5 36. Qxb5 Bxb5 37. Rb1 Bc6 38. Bd3 Ra5 39. Kh2 f6 40. Rb2 Ra4 41. f3 Ra3 42. Bb5 Bxb5 43. Rxb5 b6 44. Rb2 Rd3 45. Rd2 Rxd2 46. Bxd2 b5 47. Bb4 h5 48. Ne3 Kf7 49. Nd5 Na7 50. Kg1 Nc6 51. Ba3 b4 52. Nxb4 Nxb4 53. Bxb4 Ke6 54. Kf2 Nb6 55. Ke2 g5 56. g4 h4 57. Kd3 Nc8 58. Kc4 Nxd6+ 59. Bxd6 Kxd6 60. Kb5 Kd7 61. Kb6 Kd6 62. Kb5 Kd7 63. Kb6 Kd6 64. Kb5 Kd7 65. Kb6 1/2-1/2